Statistics for 中國地名的香港街道

Click here to take the quiz!

General Stats

  • This quiz has been taken 24 times
  • The average score is 22 of 52

Answer Stats

中國地名街道% Correct
直轄市尖沙咀北京道
100%
油尖旺廣東道
90%
直轄市油麻地/旺角上海街
80%
江蘇城市油麻地南京街
80%
土瓜灣江蘇街
75%
旺角山東街
65%
土瓜灣浙江街
65%
土瓜灣山西街
65%
香港仔湖北街
60%
福建城市灣仔廈門街
60%
廣東城市旺角深圳街
60%
香港仔湖南街
60%
土瓜灣安徽街
55%
四川城市香港仔成都道
55%
江西城市深水埗/石硤尾南昌街
55%
廣西城市深水埗桂林街
50%
陝西城市香港仔西安街
45%
湖南城市旺角長沙街
45%
廣東城市灣仔汕頭街
45%
土瓜灣四川街
45%
土瓜灣江西街
45%
安徽城市紅磡蕪湖街
40%
廣西城市香港仔南寧街
40%
山西城市灣仔太原街
40%
土瓜灣貴州街
40%
油麻地雲南里
40%
湖北城市尖沙咀漢口道
40%
河南城市香港仔洛陽街
35%
廣東城市油麻地東莞街
35%
廣西海灣長沙灣東京街 / 東京街西
35%
台灣島嶼長沙灣東沙島街
30%
廣東城市銅鑼灣開平道
30%
廣西城市深水埗欽州街 / 欽州街西
30%
福州市區油麻地長樂街
30%
湖北城市尖沙咀宜昌街
30%
油麻地甘肅街
30%
廣西城市油麻地北海街
30%
台灣城市旺角/深水埗基隆街
30%
江蘇城市深水埗通州街 / 通州西街
30%
遼寧城市舊稱香港仔奉天街
30%
浙江城市油麻地寧波街
30%
廣東城市銅鑼灣新會道
30%
天津市區紅磡大沽街
25%
省簡稱佐敦閩街
25%
華北河流深水埗北河街
25%
上海區名油麻地吳松街
25%
廣東城市銅鑼灣恩平道
25%
廣東城市舊稱銅鑼灣新寧街
20%
福建島嶼深水埗海壇街
20%
河南城市旺角/深水埗汝州街 / 汝州西街
20%
鄂爾多斯市區香港仔東勝道
20%
東莞市鎮油麻地石龍街
20%

Score Distribution

Percentile by Number Answered

Percent of People with Each Score

Your Score History

You have not taken this quiz